<?xml version="1.0" encoding="UTF-8"?>
<record
    xmlns:xsi="http://www.w3.org/2001/XMLSchema-instance"
    xsi:schemaLocation="http://www.loc.gov/MARC21/slim http://www.loc.gov/standards/marcxml/schema/MARC21slim.xsd"
    xmlns="http://www.loc.gov/MARC21/slim">

  <leader>01074nam a2200277Ia 4500</leader>
  <controlfield tag="008">250305m2025    sp            000 0 glg d</controlfield>
  <datafield tag="041" ind1=" " ind2=" ">
    <subfield code="a">spa</subfield>
  </datafield>
  <datafield tag="110" ind1="2" ind2=" ">
    <subfield code="a">CCOO</subfield>
    <subfield code="b">Servicios a la Ciudadan&#xED;a</subfield>
    <subfield code="9">27915</subfield>
  </datafield>
  <datafield tag="245" ind1="1" ind2="1">
    <subfield code="a">&#xA1;Indispensables!</subfield>
    <subfield code="b">: mujeres, sindicalistas, en la lucha por la igualdad</subfield>
    <subfield code="c">/ CCOO; servicios a la Ciudadan&#xED;a</subfield>
  </datafield>
  <datafield tag="260" ind1=" " ind2=" ">
    <subfield code="a">[S.l.] :</subfield>
    <subfield code="b">CCOO, Servicios a la Ciudadan&#xED;a,</subfield>
    <subfield code="c">2025</subfield>
  </datafield>
  <datafield tag="300" ind1=" " ind2=" ">
    <subfield code="a">2 p.  ;</subfield>
    <subfield code="c">30 cm</subfield>
  </datafield>
  <datafield tag="500" ind1=" " ind2=" ">
    <subfield code="a">Manifiesto de CCOO Servicios a la Ciudadan&#xED;a con motivo del 8 de Marzo de 2025, D&#xED;a Internacional de de las Mujeres</subfield>
  </datafield>
  <datafield tag="650" ind1=" " ind2=" ">
    <subfield code="a">DIA INTERNACIONAL DE LA MUJER</subfield>
    <subfield code="9">7831</subfield>
  </datafield>
  <datafield tag="650" ind1=" " ind2="0">
    <subfield code="a">MUJERES</subfield>
    <subfield code="9">199</subfield>
  </datafield>
  <datafield tag="650" ind1=" " ind2="0">
    <subfield code="a">SINDICALISMO</subfield>
    <subfield code="9">189</subfield>
  </datafield>
  <datafield tag="650" ind1=" " ind2="0">
    <subfield code="a">CCOO</subfield>
    <subfield code="9">60</subfield>
  </datafield>
  <datafield tag="650" ind1=" " ind2="0">
    <subfield code="a">SINDICATO</subfield>
    <subfield code="9">208</subfield>
  </datafield>
  <datafield tag="650" ind1=" " ind2="0">
    <subfield code="a">IGUALDAD DE GENERO</subfield>
    <subfield code="9">5513</subfield>
  </datafield>
  <datafield tag="650" ind1=" " ind2="0">
    <subfield code="a">IGUALDAD DE DERECHOS</subfield>
    <subfield code="9">1832</subfield>
  </datafield>
  <datafield tag="650" ind1=" " ind2="0">
    <subfield code="a">IGUALDAD DE REMUNERACION</subfield>
    <subfield code="9">402</subfield>
  </datafield>
  <datafield tag="650" ind1=" " ind2="0">
    <subfield code="a">TRABAJADORAS</subfield>
    <subfield code="9">27153</subfield>
  </datafield>
  <datafield tag="650" ind1=" " ind2="0">
    <subfield code="a">MERCADO DE TRABAJO</subfield>
    <subfield code="9">52</subfield>
  </datafield>
  <datafield tag="650" ind1=" " ind2="0">
    <subfield code="a">ACTITUD SINDICAL</subfield>
    <subfield code="9">61</subfield>
  </datafield>
  <datafield tag="856" ind1=" " ind2=" ">
    <subfield code="z">PDF</subfield>
    <subfield code="u">https://docpublicos.ccoo.es/cendoc/070722Manifiesto8Marzo2025FSC.pdf</subfield>
  </datafield>
  <datafield tag="942" ind1=" " ind2=" ">
    <subfield code="c">DOCU_ELEC</subfield>
    <subfield code="2">ddc</subfield>
  </datafield>
  <datafield tag="999" ind1=" " ind2=" ">
    <subfield code="c">61902</subfield>
    <subfield code="d">61902</subfield>
  </datafield>
  <datafield tag="952" ind1=" " ind2=" ">
    <subfield code="0">0</subfield>
    <subfield code="1">0</subfield>
    <subfield code="2">ddc</subfield>
    <subfield code="4">0</subfield>
    <subfield code="7">0</subfield>
    <subfield code="a">CENDO</subfield>
    <subfield code="b">CENDO</subfield>
    <subfield code="d">2025-03-05</subfield>
    <subfield code="i">070722</subfield>
    <subfield code="l">0</subfield>
    <subfield code="p">2025-0452</subfield>
    <subfield code="r">2025-03-05 10:36:55</subfield>
    <subfield code="w">2025-03-05</subfield>
    <subfield code="y">DOCU_ELEC</subfield>
  </datafield>
</record>
